Los operarios de la viña

Furkejuvvon:
Bibliográfalaš dieđut
Váldodahkki: Papini, Juan
Materiálatiipa: Girji
Giella:Undetermined
Almmustuhtton: Madrid, España Editorial Voluntad 1930
Fáttát:
Fáddágilkorat: Lasit fáddágilkoriid
Eai fáddágilkorat, Lasit vuosttaš fáddágilkora!

MARC

LEADER 00000nam a2200000Ia 4500
008 170316s9999 xx 000 0 und d
999 |c 8192  |d 8192 
040 |a cru BVZT 
090 |a 850 P-2o 
100 |a Papini, Juan 
245 |a Los operarios de la viña  |c / Juan Papini 
260 |a Madrid, España  |b Editorial Voluntad  |c 1930 
300 |a 304 páginas 
650 |a LITERATURA ITALIANA  |9 212 
942 |c 15 D  |h 850 P-2o  |2 z